Sports Quiz

Random Sports or MLB Quiz

MLB - Family Reunion Quiz Stats

Quiz not verified by Sporcle

Challenge
Share
Tweet
Identify one of the players in the given clue to satisfy each answer.
Score 0/196 Timer 20:00
0 Plays Today
Relationship Players % Correct
Uncles; NephewMatty, Jesus, and Moises Alou
83.7%
CousinsMoises Alou and Mel Rojas
83.7%
Uncles; NephewFelipe, Matty, and Jesus Alou and Mel Rojas
83.7%
CousinsFelipe, Matty, Jesus, and Moises Alou and Jose Sosa
82.9%
Grandfather; GrandsonsRay, Bret, and Aaron Boone
80.5%
CousinsReggie Jackson and Barry Bonds
79.7%
CousinsRamon and Pedro Martinez and Denny Bautista
78%
CousinsDomingo Martinez and Francisco Cordero
77.2%
CousinsCarmelo and Edgar Martinez
77.2%
Grandfather; GrandsonBert Griffith and Matt Williams
76.4%
Grandfather; GrandsonsGus, David, and Mike Bell
74%
Father-in-law; Son-in-lawTom Walker and Don Kelly
73.2%
Brothers-in-lawDon Kelly and Neil Walker
73.2%
Uncle; NephewLarry Bowa and Nick Johnson
72.4%
Stepfather (uncle); Stepson (nephew)Mookie and Preston Wilson
72.4%
Grandfather; GrandsonDick Schofield and Jayson Werth
71.5%
Uncle; NephewDick Schofield and Jayson Werth
71.5%
Uncle; NephewErnie Banks and Bob Johnson
70.7%
Grandfather; GrandsonsSam, Jerry Jr. and Scott Hairston
69.9%
Uncle; NephewsJohn, Jerry Jr. and Scott Hairston
69.9%
Uncle; NephewTerry McGriff and Charles Johnson
69.1%
Half-brothersLivan and Orlando Hernandez
69.1%
CousinsJose Hernandez and Luis Figueroa
69.1%
CousinsFred and Terry McGriff and Charles Johnson
69.1%
Stepfather; StepsonDennis and Jayson Werth
66.7%
Uncle; NephewChip Lang and Neil Walker
65.9%
Brothers-in-lawTom Walker and Chip Lang
65.9%
Uncle; NephewMudcat Grant and Domonic Brown
65%
Uncle; NephewsErnie, Dixie, and Harry Walker
65%
CousinsHarry Spilman and Greg Walker
65%
Brothers-in-lawTodd Walker and Chad Hutchinson
65%
Brothers-in-lawCliff Johnson and Mike Easler
65%
Uncle; NephewsJose, Kelvim, and Alcides Escobar
61.8%
Uncle; NephewLeron and Derrek Lee
61.8%
Uncle; NephewDwight Gooden and Gary Sheffield
61.8%
CousinsKelvim, Alcides, and Edwin Escobar
61.8%
CousinsTorii Hunter and Choo Freeman
61.8%
CousinsEllis Burks and Roosevelt Brown
61%
Father-in-law; Son-in-lawJerry Manuel and Rondell White
61%
CousinsEnos Cabell, Dick Davis, and Ken Landreaux
60.2%
CousinsGreg and Mo Vaughn
58.5%
Uncle; NephewFarmer Vaughn and Sam Woodruff
57.7%
Adoptive brothersStorm Davis and Glenn Davis
57.7%
CousinsJerry Royster and Greg Vaughn
57.7%
Uncle; NephewOzzie Guillen and Ehire Adrianza
56.9%
CousinsMariano and Ruben Rivera
56.9%
Uncle; NephewChris and Tony Gwynn Jr.
56.1%
Uncle; NephewHal Smith and Tim Flannery
55.3%
Great-grandfather; Great-grandsonJim Bluejacket and Bill Wilkinson
54.5%
Uncles; NephewHector, Tommy, and Jose Cruz Jr.
54.5%
CousinsDeacon, Will, and Elmer White
54.5%
Brothers-in-lawPat Kelly and Andre Thornton
53.7%
Uncle; NephewRyne and Jared Sandberg
52.8%
Brothers-in-lawCarlton Fisk and Rick Miller
52.8%
Uncle; NephewTris Speaker and Tex Jeanes
50.4%
Brothers-in-lawDave Rozema and Kirk Gibson
49.6%
Uncle; NephewPhil and Lance Niekro
48%
CousinsChristy and Henry Mathewson and Jack Billingham
48%
Uncle; NephewRoger Cedeno and Yangervis Solarte
46.3%
Brothers-in-lawBrady Anderson and Steve Finley
46.3%
Uncle; NephewTerry Shumpert and Mookie Betts
45.5%
Father-in-law; Son-in-lawAtlee Hammaker and Yan Gomes
44.7%
CousinsHigh Pockets and Ren Kelly and Rich Chiles
44.7%
CousinsRafael and Orlando Palmeiro
43.9%
CousinsTony Tarasco and Jimmy Rollins
43.1%
CousinsDonnie Moore and Hubie Brooks
43.1%
Relationship Players % Correct
CousinsShane Victorino and Kanekoa Texeira
42.3%
CousinsEdgardo and Eliezer Alfonzo
42.3%
Half-brothersCesar and Maicer Izturis
41.5%
Uncle; NephewLeo and Jorge Posada
40.7%
Uncle; NephewGene Mauch and Roy Smalley
40.7%
Brothers-in-lawGene Mauch and Roy Smalley
40.7%
Uncle; NephewBruce and Clint Barmes
39%
CousinsLou Piniella and Dave Magadan
39%
Father-in-law; Son-in-lawGil Hodges and Mike Bruhert
39%
Father-in-law; Son-in-lawLou Boudreau and Denny McLain
38.2%
Father-in-law; Son-in-lawJuan Marichal and Jose Rijo
37.4%
Uncle; NephewEddie Zambrano and Rougned Odor
35.8%
Uncle; NephewDan Driessen and Gerald Perry
35%
Uncle; NephewArky and Glenn Vaughan
35%
Father-in-law; Son-in-lawJack McKeon and Greg Booker
35%
Uncle; NephewsRamon, Tony Jr. and Francisco Pena
34.1%
Uncle; NephewRoberto and Edgard Clemente
34.1%
CousinsCarlos Beltran and Reymond Fuentes
34.1%
Adoptive father (uncle); Adopted son (nephew)Clark Griffith and Sherry Robertson
33.3%
CousinsJuan Marichal and Jose Acevedo
33.3%
CousinsMark Grant and Chris Michalak
33.3%
Grandfather; GrandsonSam and Sam Narron
32.5%
Uncle; NephewErnie Riles and Willie Harris
32.5%
Uncle; NephewRico Carty and Julio Santana
32.5%
Uncle; NephewRick Dempsey and Gregg Zaun
32.5%
Uncle; NephewSam and Jerry Narron
32.5%
CousinsJerry and Sam Narron
32.5%
CousinsHal Newhouser and Ken Macha
32.5%
CousinsJose Cardenal and Bert Campaneris
32.5%
Uncle; NephewJose and Juan Uribe
31.7%
Uncle; NephewMarcos and Tony Armas Jr.
31.7%
Uncle; NephewTommy and Wes Helms
31.7%
CousinsSidney Ponson and Radhames Dykhoff
31.7%
CousinsDale Sveum and John Olerud
31.7%
CousinsSixto and Carlos Lezcano
30.9%
Father-in-law; Son-in-lawDarnell Coles and Zack Segovia
30.9%
Father-in-law; Son-in-lawRalph Branca and Bobby Valentine
30.1%
Father-in-law; Son-in-lawScott Fletcher and Gordon Beckham
30.1%
Uncle; NephewRon and Josh Roenicke
29.3%
CousinsBill Buckner and Matt Carson
29.3%
CousinsAndy and Ben Sheets
29.3%
CousinsBraden and Aaron Looper
29.3%
Father-in-law; Sons-in-lawClark Griffith, Joe Cronin, and Joe Haynes
28.5%
CousinsFernando Rodney and Alfredo Figaro
27.6%
CousinsOnix Concepcion and Jose Lind
27.6%
CousinsCharles and George Radbourn
27.6%
Uncle; NephewJoe Harris and Hal Reniff
26.8%
CousinsPep Harris and Danny Clyburn
26.8%
CousinsMickey and Ron Lolich
26%
Grandfather; GrandsonSam Dente and Rick Porcello
25.2%
Father-in-law; Son-in-lawWalker Cooper and Don Blasingame
25.2%
Grandfather; GrandsonShano Collins and Bob Gallagher
25.2%
Stepfather; StepsonJesus De La Rosa and Danny Bautista
24.4%
CousinsKevin and Keith Mitchell
24.4%
CousinsDick Bosman and Duane Kuiper
24.4%
Brothers-in-lawJim Scott and Buck Weaver
23.6%
CousinsDonzell, Darnell, and James McDonald
22%
CousinsDennis Higgins and Joe Crede
19.5%
Brothers-in-lawTodd Hollandsworth and Matt Herges
19.5%
Brothers-in-lawFred and Josh Clarke and Chick Fraser
18.7%
Uncle; NephewCarl Nichols and Ray Lankford
17.9%
CousinsBrooks and Roger Kieschnick
17.9%
CousinsChris Cron and Chad Moeller
17.9%
CousinsManny, Andy, and Jose Mota and Jose Baez
17.9%
Uncle; NephewDon Gross and Todd Benzinger
17.1%
CousinsRamon Ortiz and Pedro Liriano
17.1%
Relationship Players % Correct
Great-grandfather; Great-grandsonsGarland Buckeye and Drew and Stu Pomeranz
16.3%
Uncle; NephewWayne Nordhagen and Kevin Millar
16.3%
Father-in-law; Son-in-lawJim Nettles and Mike Sweeney
16.3%
Grandfather; GrandsonJoe and Casey Coleman
15.4%
Uncle; NephewJohn Shelby and Josh Harrison
14.6%
CousinsCecil Upshaw and George Stone
14.6%
CousinsLuis Alicea and Irving Falu
13.8%
CousinsBob Feller and Hal Manders
13.8%
CousinsJohn and Eddie Milner
13%
Uncle; NephewMike Gallego and Austin Barnes
13%
Uncle; NephewJoe and Dave Henderson
11.4%
Uncles; NephewBuck, John, and Bob Ewing
11.4%
Uncle; NephewAntonio and Roberto Osuna
11.4%
Father-in-law; Son-in-lawMilt Stock and Eddie Stanky
11.4%
Grandfather; GrandsonSteve Demeter and Derek Dietrich
11.4%
Uncle; NephewTom and Matt Pagnozzi
10.6%
CousinsEddie Haas and Phil and Gene Roof
10.6%
CousinsJoe, Luke, Tommy, and Rip Sewell
10.6%
Father-in-law; Son-in-lawSteve O’Neill and Skeeter Webb
10.6%
Uncle; NephewRobert and C.J. Fick
9.8%
Uncle; NephewChico Carrasquel and Cris Colon
9.8%
Grandfather; GrandsonRoberto (Bobby) and Bobby Estalella
8.9%
CousinsTim and John Keefe
8.9%
Grandfather; GrandsonBen and Jim Spencer
8.9%
CousinsChick, Bud, and Tom Hafey
8.9%
Uncles; NephewRavelo and Josias Manzanillo and Jerry Gil
8.1%
Uncle; NephewSteve Barr and Ryan Madson
8.1%
Uncle; NephewNed Garver and Bruce Berenyi
8.1%
Uncle; NephewAlex and Chico Carrasquel
8.1%
Uncle; NephewsTom, Johnny, and Joe Evers
8.1%
Grandfather; GrandsonLeon and Charlie Culberson
8.1%
Father-in-law; Son-in-lawHarley Grossman and Harry Spilman
7.3%
Grandfather; GrandsonJohn and Jason Michaels
6.5%
Great-uncle; Great-nephewEddie and Al Cicotte
6.5%
Great-great uncle; Great-great nephewMyril Hoag and Max Stassi
6.5%
Uncle; NephewMike Greenwell and Joey Terdoslavich
6.5%
CousinsJohn, Dad, and Walter Clarkson and Mert and Walter Hackett
6.5%
Brothers-in-lawTom Brunansky and Dave Engle
6.5%
Uncle; NephewTom Robson and Mike Moustakas
5.7%
Uncle; NephewMatt Batts and Danny Heep
5.7%
CousinsMike Cubbage and Larry and Chris Haney
5.7%
CousinsBilly and Bill Southworth
5.7%
Uncle; NephewJulio and Ruben Gotay
4.9%
Uncle; NephewJoe and Matt Keough
4.9%
Uncle; NephewNap and Johnny Rucker
4.9%
Brothers-in-lawSteve Blass and John Lamb
4.9%
Uncle; NephewDon and Roger Erickson
4.1%
Brothers-in-lawJason Kubel and Michael Tonkin
4.1%
Grandfather; GrandsonMarty and Ed Herrmann
3.3%
Grandfather; GrandsonLennie and Matt Merullo
2.4%
Grandfather; GrandsonBill Brubaker and Dennis Rasmussen
2.4%
Uncle; NephewRon LeFlore and Todd Steverson
2.4%
Uncle; NephewRay Hathaway and Dave Burba
2.4%
Uncle; NephewClyde Sukeforth and Charlie Osgood
1.6%
Grandfather; GrandsonBill and Roger Salkeld
0.8%
Uncle; NephewJohn Matias and Joe DeSa
0.8%
CousinsGary and Danny and Kolb
0.8%
CousinsJoe Pignatano and Pete Falcone
0.8%
Uncles; NephewEd, Ted, Bob, and Jim Sadowski
0.8%
Uncle; NephewSam Nahem and Al Silvera
0%
Uncle; NephewSolly and Bobby Hofman
0%
Uncle; NephewRoy and Oscar Grimes
0%
CousinsLou Marone and John D’Acquisto
0%
CousinsGeorge Strickland and Hal Bevan
0%

You're not logged in!

Compare scores with friends on all Sporcle quizzes.
Sign Up with Email
OR
Log In

You Might Also Like...

Show Comments

Extras

Top Quizzes Today


Score Distribution

Your Account Isn't Verified!

In order to create a playlist on Sporcle, you need to verify the email address you used during registration. Go to your Sporcle Settings to finish the process.